Statistiques concernant Mot mystérieux - Série 52

Cliquez ici pour prendre le quiz!

Statistiques générales

  • Ce quiz a été pris 53 fois
  • Le résultat moyen est 7 sur 10

Statistiques - réponses

IndicesMot% Correct
guêpe - mannequin - moyenne - haietaille
94%
pain - magique - sourcier - tambourbaguette
90%
guerre - boeuf - sciatique - crisenerf
83%
fleurs - mariée - final - Carolebouquet
77%
tarte - dentifrice - fruit - mainpâte
73%
muet - main - diem - baillercarpe
69%
Paris - atomique - pousser - vénéneuxchampignon
65%
baguette - battant - trompette - batterietambour
48%
shetland - connemara - dartmoor - pottokponey
35%
douce - mer - grillée - pâteamande
23%

Distribution des résultats

Percentile par nombre de réponses

% des personnes avec chaque résultat

Votre développement - résultats

Vous n’avez pas pris ce quiz